Encylopaedia of drug abuse, trafficking and AIDS : volume 1

Bibliographic Details
Main Author: Pandey, S. N
Format: Book
Published: New Delhi : Centrum Press , 2014
Subjects:

MARC

LEADER 00000cam a2200000 7i4500
001 0000046544
005 20150401.0
008 150401
020 |a 9789350841648 (set) 
090 0 0 |a 362.29   |b ENC 
100 1 |a Pandey, S. N 
245 1 0 |a Encylopaedia of drug abuse, trafficking and AIDS :   |b volume 1   |c Prof. S. N. Pandey 
260 |a New Delhi :   |b Centrum Press ,   |c 2014 
650 0 |a Drug abuse 
999 |a 0001346842   |b Book   |c REFERENCE   |e Perbadanan Perpustakaan Awam Johor